Statystyki dla Izrael - prawda czy fałsz?

Kliknij tutaj aby rozwiązać quiz!

Ogólne statystyki

  • Ten quiz został rozwiązany 83 razy
  • Średni wynik to 10 z 15

Statystyki odpowiedzi

ZagadnienieOdpowiedź% Poprawnych
Mimo, że Jerozolima jest oficjalną stolicą Izraela, większość zagranicznych ambasad znajduje się w Tel Awiwie.Prawda
95%
Do służby wojskowej w Izraela, mogą być powołani, zarówno kobiety i mężczyźni.Prawda
89%
Izrael jest posiadaczem broni jądrowej.Prawda
88%
Egipt, Jordania i Syria najechały na Izrael.Prawda
85%
Zwiedzający państwa Izraela, mogą odwiedzić Nazaret, czyli miejsce, w którym dzieciństwo spędzał Jezus.Prawda
81%
Arabski jest najczęściej używanym językiem w Izraelu.Fałsz
80%
Aktorka Gal Gadot jest izraelitką.Prawda
77%
Brzegi Morza Martwego mają najmniejszą wysokość względem poziomu morza na Ziemi.Prawda
76%
Mossad to nazwa izraelskiego parlamentu.Fałsz
73%
Ponad 90% ludności żydowskiej na świecie mieszka w Izraelu.Fałsz
69%
Izrael posiada jeden z najwyższych na świecie długość życia.Prawda
59%
Krucjaci nigdy nie zdołali skutecznie zdobyć Jerozolimy.Fałsz
57%
Ultraortodoksyjna populacja żydowska w Izraelu gwałtownie maleje.Fałsz
43%
Związek Radziecki był przeciwny utworzeniu Izraela w 1947 roku.Fałsz
42%
Król Dawid zbudował pierwszą świątynię.Fałsz
24%

Rozkład punktacji

Percentyl według liczby udzielonych odpowiedzi

Procent ludzi z każdym wynikiem

Twoja historia wyników

Nie rozwiązałeś tego quizu